<?xml version="1.0" encoding="UTF-8"?>
<record
    xmlns:xsi="http://www.w3.org/2001/XMLSchema-instance"
    xsi:schemaLocation="http://www.loc.gov/MARC21/slim http://www.loc.gov/standards/marcxml/schema/MARC21slim.xsd"
    xmlns="http://www.loc.gov/MARC21/slim">

  <leader>00592nam a2200193   4500</leader>
  <controlfield tag="001">81077</controlfield>
  <controlfield tag="003">BD-RjUL</controlfield>
  <controlfield tag="005">20230115112700.0</controlfield>
  <controlfield tag="008">230115s195     pk ||||| |||| 00| 0 ur  d</controlfield>
  <datafield tag="035" ind1=" " ind2=" ">
    <subfield code="a">(BD-RjUL)81077</subfield>
  </datafield>
  <datafield tag="040" ind1=" " ind2=" ">
    <subfield code="a">BD-RjUL</subfield>
    <subfield code="b">eng</subfield>
    <subfield code="c">BD-RjUL</subfield>
  </datafield>
  <datafield tag="041" ind1=" " ind2=" ">
    <subfield code="a">urd</subfield>
  </datafield>
  <datafield tag="082" ind1=" " ind2=" ">
    <subfield code="2">23</subfield>
    <subfield code="a">297.72092</subfield>
    <subfield code="b">MEJ 195?</subfield>
  </datafield>
  <datafield tag="100" ind1=" " ind2=" ">
    <subfield code="a"> Mehr, Ghulam Rasool  &#x645;&#x647;&#x631;, &#x63A;&#x644;&#x627;&#x645; &#x631;&#x633;&#x648;&#x644;</subfield>
    <subfield code="9">6577</subfield>
  </datafield>
  <datafield tag="245" ind1=" " ind2=" ">
    <subfield code="a">&#x62C;&#x645;&#x627;&#x639;&#x62A; &#x645;&#x62C;&#x627;&#x647;&#x62F;&#x64A;&#x646;    Jamat E Mujahideen /</subfield>
    <subfield code="c">Ghulam Rasool Mehr &#x63A;&#x644;&#x627;&#x645; &#x631;&#x633;&#x648;&#x644; &#x645;&#x647;&#x631; </subfield>
  </datafield>
  <datafield tag="260" ind1=" " ind2=" ">
    <subfield code="a">Lahore :</subfield>
    <subfield code="b">Kitab Manjil,</subfield>
    <subfield code="c">195</subfield>
  </datafield>
  <datafield tag="650" ind1=" " ind2=" ">
    <subfield code="a">Mujahid</subfield>
    <subfield code="v">Islam</subfield>
    <subfield code="9">6578</subfield>
  </datafield>
  <datafield tag="942" ind1=" " ind2=" ">
    <subfield code="2">ddc</subfield>
    <subfield code="c">BK</subfield>
  </datafield>
  <datafield tag="999" ind1=" " ind2=" ">
    <subfield code="c">81077</subfield>
    <subfield code="d">81077</subfield>
  </datafield>
  <datafield tag="952" ind1=" " ind2=" ">
    <subfield code="0">0</subfield>
    <subfield code="1">0</subfield>
    <subfield code="2">ddc</subfield>
    <subfield code="4">0</subfield>
    <subfield code="7">1</subfield>
    <subfield code="8">NFIC</subfield>
    <subfield code="a">RUCL</subfield>
    <subfield code="b">RUCL</subfield>
    <subfield code="c">Reading</subfield>
    <subfield code="d">1976-02-27</subfield>
    <subfield code="e">Islamia Library, Chittgong</subfield>
    <subfield code="g">20.00</subfield>
    <subfield code="l">0</subfield>
    <subfield code="o">A 297.72092 MEJ 195?</subfield>
    <subfield code="r">2023-01-15 00:00:00</subfield>
    <subfield code="t">C-1</subfield>
    <subfield code="w">2023-01-15</subfield>
    <subfield code="y">BK</subfield>
  </datafield>
</record>
